| 000 | 01393nam0a22003011 4500 | ||
|---|---|---|---|
| 001 | rc\3778618 | ||
| 005 | 20250530050155.0 | ||
| 021 |
_aRU _b[75-66653] |
||
| 035 | _a(NLR Aleph) 007235144 | ||
| 090 |
_a7739570 _c7739570 |
||
| 100 | _a20120207d1975 |||y0rusy50 ca | ||
| 101 | 0 | _arus | |
| 102 | _aRU | ||
| 105 | _ay z ||||| | ||
| 200 | 1 |
_aАктуальные проблемы научно-технического прогресса _fО-во "Знание" РСФСР |
|
| 210 |
_aМосква _c[О-во "Знание" РСФСР] _d1975 |
||
| 215 |
_a40 с. _d20 |
||
| 225 | 1 |
_aВ помощь лектору _iБиблиотечка "Экономические проблемы технического прогресса" _fНауч.-метод. совет по пропаганде экон. знаний |
|
| 300 | _aПеред загл. авт.: К.А. Ефимов, канд. экон. наук | ||
| 320 | _aСписок лит.: с. 39 | ||
| 606 |
_aТехнический прогресс в СССР _jМатериалы для докладов, лекций и т. п. _2psbo |
||
| 700 | 1 |
_4070 _7ca _8rus _aЕфимов _bК. А. _cканд. экон. наук _gКонстантин Алексеевич _9256220 _3RU\NLR\AUTH\770256276 |
|
| 801 | 0 |
_aRU _bNLR _gpsbo |
|
| 801 | 1 |
_aRU _bELAR _2rusmarc |
|
| 852 |
_aNLR _j75-4/18069 |
||
| 942 | _cBOOK | ||
| 980 | _aNB | ||